000 00816cam a2200301 4500
008 090401t1998 xxu||||| |||| 00| 0 eng d
020 _a0752005871
035 _a(Sirsi) u84188
041 _aeng
050 _a346.410438
100 _aCastle, Richard
245 _aBarnsley`s land options.
250 _a3rd ed.
260 _aLondon
_bFT Law & Tax
_c1998
300 _axliv,310p. ; 25cm.
350 _a110
490 _aSweet and Maxwell Property and Conveyancing Library
520 _aThis edition by Castle.
520 _aSuperseded by 4th edition (ISBN 0421856106)
650 _aBREAK CLAUSES
650 _aLEASE RENEWALS
650 _aOPTIONS TO PURCHASE
650 _aTAXATION
690 _aPROPERTY LAW AND PRACTICE
700 _aBarnsley, D.G.
942 _n0
948 _c11/02/1998
999 _c96920
_d96920